[Event "wyco2016"]
[Site "?"]
[Date "2016.07.25"]
[Round "5.5"]
[White "Nazarova, Anastasia"]
[Black "Ieong, Seak Hin"]
[Result "1/2-1/2"]
[BlackElo "1726"]
[WhiteElo "2032"]
[LiveChessVersion "1.4.7"]

1. e4 {[%clk 1:30:58]} e5 {[%clk 1:30:54]} 2. Nf3 {[%clk 1:31:24]} Nc6
{[%clk 1:31:21]} 3. Bb5 {[%clk 1:31:39]} a6 {[%clk 1:31:45]} 4. Ba4
{[%clk 1:32:05]} Nf6 {[%clk 1:32:10]} 5. d3 {[%clk 1:32:30]} b5 {[%clk 1:30:49]}
6. Bb3 {[%clk 1:32:55]} Be7 {[%clk 1:30:53]} 7. Nc3 {[%clk 1:32:54]} d6
{[%clk 1:31:04]} 8. a3 {[%clk 1:33:14]} O-O {[%clk 1:28:57]} 9. O-O
{[%clk 1:29:46]} Bg4 {[%clk 1:26:34]} 10. Be3 {[%clk 1:29:58]} h6
{[%clk 1:20:17]} 11. h3 {[%clk 1:29:58]} Be6 {[%clk 1:16:54]} 12. Nd5
{[%clk 1:30:16]} Na5 {[%clk 1:15:01]} 13. Ba2 {[%clk 1:30:08]} Nxd5
{[%clk 1:08:44]} 14. exd5 {[%clk 1:29:57]} Bd7 {[%clk 1:08:52]} 15. b4
{[%clk 1:25:14]} Nb7 {[%clk 1:09:14]} 16. Qe2 {[%clk 1:16:20]} Kh7
{[%clk 0:58:14]} 17. Rae1 {[%clk 1:09:37]} f5 {[%clk 0:57:07]} 18. Bc1
{[%clk 1:06:54]} Bf6 {[%clk 0:55:56]} 19. Nd2 {[%clk 1:02:26]} Qe8
{[%clk 0:51:47]} 20. Bb2 {[%clk 0:55:28]} Qg6 {[%clk 0:51:58]} 21. Kh1
{[%clk 0:50:53]} Rae8 {[%clk 0:50:31]} 22. Bb1 {[%clk 0:47:21]} Bg5
{[%clk 0:34:15]} 23. Nf3 {[%clk 0:35:49]} Nd8 {[%clk 0:24:56]} 24. c4
{[%clk 0:29:44]} Nf7 {[%clk 0:19:52]} 25. c5 {[%clk 0:27:47]} Bd8
{[%clk 0:18:40]} 26. c6 {[%clk 0:20:53]} Bc8 {[%clk 0:19:03]} 27. Nh2
{[%clk 0:16:43]} Bg5 {[%clk 0:16:44]} 28. d4 {[%clk 0:14:32]} e4 {[%clk 0:13:02]}
29. f3 {[%clk 0:14:08]} Bh4 {[%clk 0:13:25]} 30. Rd1 {[%clk 0:14:02]} Ng5
{[%clk 0:05:21]} 31. Qd2 {[%clk 0:09:06]} Kh8 {[%clk 0:04:37]} 32. Bc1
{[%clk 0:06:58]} e3 {[%clk 0:04:45]} 33. Qe2 {[%clk 0:07:03]} Bf2
{[%clk 0:05:04]} 34. Ng4 {[%clk 0:06:23]} Qh5 {[%clk 0:02:32]} 35. Nxf2
{[%clk 0:05:51]} f4 {[%clk 0:02:49]} 36. Bd3 {[%clk 0:03:55]} Nxh3
{[%clk 0:00:45]} 37. Nxh3 {[%clk 0:03:45]} Bxh3 {[%clk 0:00:38]} 38. gxh3
{[%clk 0:04:09]} Qxh3+ {[%clk 0:01:05]} 39. Qh2 {[%clk 0:04:23]} Qxh2+
{[%clk 0:01:22]} 40. Kxh2 {[%clk 0:04:49]} e2 {[%clk 0:01:49]} 41. Bxe2
{[%clk 0:05:07]} Rxe2+ {[%clk 0:02:15]} 42. Kg1 {[%clk 0:05:15]} Rf5
{[%clk 0:02:33]} 43. Rf2 {[%clk 0:05:15]} Re8 {[%clk 0:02:30]} 44. Rg2
{[%clk 0:04:26]} g5 {[%clk 0:02:32]} 45. Kf1 {[%clk 0:04:13]} Rxd5
{[%clk 0:02:25]} 46. Re2 {[%clk 0:03:58]} Rxe2 {[%clk 0:02:52]} 47. Kxe2
{[%clk 0:04:24]} Rf5 {[%clk 0:02:49]} 48. Kd3 {[%clk 0:03:33]} Kg7
{[%clk 0:02:46]} 49. Re1 {[%clk 0:03:18]} Kf7 {[%clk 0:02:27]} 50. Rh1
{[%clk 0:03:02]} Kg6 {[%clk 0:02:18]} 51. Bd2 {[%clk 0:02:12]} d5
{[%clk 0:02:39]} 52. Re1 {[%clk 0:02:30]} Rf6 {[%clk 0:02:42]} 53. Re5
{[%clk 0:01:38]} Rd6 {[%clk 0:03:02]} 54. Re1 {[%clk 0:00:51]} Rxc6
{[%clk 0:02:29]} 55. Bc3 {[%clk 0:00:52]} Kf7 {[%clk 0:02:28]} 56. Kd2
{[%clk 0:01:02]} Re6 {[%clk 0:02:09]} 57. Re5 {[%clk 0:00:48]} c6
{[%clk 0:02:26]} 58. Ke2 {[%clk 0:00:47]} Rg6 {[%clk 0:01:18]} 59. Kf2
{[%clk 0:01:05]} Rg8 {[%clk 0:01:10]} 60. Kg2 {[%clk 0:01:02]} Rg6
{[%clk 0:01:17]} 61. Bd2 {[%clk 0:01:12]} Re6 {[%clk 0:01:07]} 62. Bc3
{[%clk 0:01:15]} Rg6 {[%clk 0:01:30]} 63. Kh3 {[%clk 0:01:10]} h5
{[%clk 0:01:28]} 64. Kg2 {[%clk 0:01:24]} Rg7 {[%clk 0:01:08]} 65. Kf2
{[%clk 0:01:27]} Rg6 {[%clk 0:01:06]} 66. Bd2 {[%clk 0:01:28]} Rg8
{[%clk 0:00:38]} 67. Be1 {[%clk 0:01:27]} Kf6 {[%clk 0:00:41]} 68. Bd2
{[%clk 0:01:33]} Kf7 {[%clk 0:00:55]} 69. Re1 {[%clk 0:01:46]} Re8
{[%clk 0:01:05]} 70. Rg1 {[%clk 0:01:45]} Kf6 {[%clk 0:01:24]} 71. Ra1
{[%clk 0:01:52]} Kf5 {[%clk 0:01:28]} 72. Rh1 {[%clk 0:02:10]} Kg6
{[%clk 0:01:54]} 73. Bc1 {[%clk 0:01:22]} Re7 {[%clk 0:02:15]} 74. Bd2
{[%clk 0:01:26]} Re8 {[%clk 0:02:32]} 75. Rg1 {[%clk 0:01:33]} Kf5
{[%clk 0:02:54]} 76. Rh1 {[%clk 0:01:39]} Kg6 {[%clk 0:03:20]} 77. Rg1
{[%clk 0:01:52]} Kf5 {[%clk 0:03:47]} 78. Rh1 {[%clk 0:02:04]} Kg6
{[%clk 0:04:12]} 79. Rg1 {[%clk 0:02:13]} 1/2-1/2

[Event "wyco2016"]
[Site "?"]
[Date "2016.07.25"]
[Round "5.23"]
[White "Deng, Jing Xin Crystal"]
[Black "Agulhas, Keegan"]
[Result "1/2-1/2"]
[BlackElo "1716"]
[WhiteElo "1653"]
[LiveChessVersion "1.4.7"]

1. d4 {[%clk 1:30:58]} Nf6 {[%clk 1:30:27]} 2. c4 {[%clk 1:31:24]} g6
{[%clk 1:30:33]} 3. Nc3 {[%clk 1:31:48]} Bg7 {[%clk 1:30:52]} 4. e4
{[%clk 1:32:12]} d6 {[%clk 1:30:49]} 5. f3 {[%clk 1:32:35]} O-O {[%clk 1:30:36]}
6. Be3 {[%clk 1:33:00]} Nc6 {[%clk 1:30:29]} 7. Nge2 {[%clk 1:33:23]} a6
{[%clk 1:29:07]} 8. Qd2 {[%clk 1:33:37]} Rb8 {[%clk 1:27:51]} 9. Nc1
{[%clk 1:33:33]} Nd7 {[%clk 1:25:56]} 10. Nb3 {[%clk 1:29:49]} e5
{[%clk 1:04:39]} 11. d5 {[%clk 1:24:35]} Ne7 {[%clk 1:04:14]} 12. Bd3
{[%clk 1:17:50]} f5 {[%clk 0:57:59]} 13. exf5 {[%clk 1:11:20]} Nxf5
{[%clk 0:58:23]} 14. Bf2 {[%clk 1:07:26]} Bh6 {[%clk 0:47:21]} 15. Qe2
{[%clk 1:02:36]} Qg5 {[%clk 0:44:13]} 16. O-O {[%clk 0:55:02]} Nf6
{[%clk 0:37:26]} 17. Ne4 {[%clk 0:48:03]} Nxe4 {[%clk 0:36:19]} 18. fxe4
{[%clk 0:45:55]} Ne3 {[%clk 0:36:24]} 19. Bxe3 {[%clk 0:45:56]} Qxe3+
{[%clk 0:36:48]} 20. Qxe3 {[%clk 0:44:05]} Bxe3+ {[%clk 0:37:13]} 21. Kh1
{[%clk 0:44:32]} Bd7 {[%clk 0:37:05]} 22. Rae1 {[%clk 0:42:44]} Rxf1+
{[%clk 0:36:16]} 23. Rxf1 {[%clk 0:41:48]} Rf8 {[%clk 0:36:41]} 24. Re1
{[%clk 0:40:31]} Bb6 {[%clk 0:36:18]} 25. Nc1 {[%clk 0:37:12]} Rf2
{[%clk 0:32:44]} 26. b4 {[%clk 0:35:03]} Bd4 {[%clk 0:25:58]} 27. Ne2
{[%clk 0:33:01]} Be3 {[%clk 0:24:32]} 28. h3 {[%clk 0:30:29]} b5 {[%clk 0:18:02]}
29. a3 {[%clk 0:24:48]} bxc4 {[%clk 0:16:58]} 30. Bxc4 {[%clk 0:25:00]} Bb5
{[%clk 0:17:25]} 31. Bxb5 {[%clk 0:24:32]} axb5 {[%clk 0:17:51]} 32. Ng1
{[%clk 0:18:10]} Bf4 {[%clk 0:16:00]} 33. Re2 {[%clk 0:14:48]} Rf1
{[%clk 0:13:16]} 34. g3 {[%clk 0:12:03]} Bc1 {[%clk 0:11:30]} 35. Kg2
{[%clk 0:10:36]} Rd1 {[%clk 0:10:50]} 36. Ra2 {[%clk 0:08:34]} Rd3
{[%clk 0:08:59]} 37. a4 {[%clk 0:08:13]} bxa4 {[%clk 0:05:08]} 38. Rxa4
{[%clk 0:08:38]} Rd4 {[%clk 0:05:34]} 39. Ne2 {[%clk 0:07:58]} Rd2
{[%clk 0:05:42]} 40. Kf1 {[%clk 0:08:04]} Rc2 {[%clk 0:02:34]} 41. Nxc1
{[%clk 0:07:43]} Rxc1+ {[%clk 0:03:01]} 42. Kf2 {[%clk 0:08:02]} Rc3
{[%clk 0:03:30]} 43. b5 {[%clk 0:07:57]} h5 {[%clk 0:02:31]} 44. h4
{[%clk 0:08:08]} Kf7 {[%clk 0:02:32]} 45. Rb4 {[%clk 0:08:11]} 1/2-1/2